LIBRARY & INFORMATION CENTRE, KCAET, TAVANUR

ONLINE PUBLIC ACCESS CATALOGUE (OPAC)

Priya / (Record no. 6341)

MARC details
000 -LEADER
fixed length control field 00513cam a2200193ua 4500
041 ## - LANGUAGE CODE
Language code of text/sound track or separate title mal
082 ## - DEWEY DECIMAL CLASSIFICATION NUMBER
Classification number 894.81209
Item number VNP/PR
100 ## - MAIN ENTRY--AUTHOR NAME
Personal name V N P, Namboodiri .
245 00 - TITLE STATEMENT
Title Priya /
260 ## - PUBLICATION, DISTRIBUTION, ETC. (IMPRINT)
Place of publication Calicut :
Name of publisher Navakerala Co-operative publishing ,
Year of publication 1966.
300 ## - PHYSICAL DESCRIPTION
Number of Pages 119 ; .
490 0# - SERIES STATEMENT
Series statement Noval Club Publications,
Volume number/sequential designation 1
942 ## - ADDED ENTRY ELEMENTS (KOHA)
Koha item type Books
Holdings
Withdrawn status Lost status Damaged status Home library Current library Date acquired Full call number Accession Number Koha item type Public note
Withdrawn     KAUAET Malayalam University 07/04/2012 894.81209 8714 Books Transferred to Malayalam University
free website counter